LEGO Winnie the Pooh: Minifigures by Picture - Statistics

General Stats
  • This quiz has been taken 44 times
  • The average score is 5 of 5
Answer Stats
Picture Answer % Correct
Tigger
100%
Winnie the Pooh
100%
Piglet
97%
Eeyore
95%
Rabbit
89%
No matching quizzes found
Score Distribution
Percent of People with Each Score
Percentile by Number Answered
Your Score History
You have not taken this quiz